00627nam a22001817a 450000500170000000800410001702000180005804000680007604100080014410000390015224500690019126000370026030000210029750400530031865000120037165000360038365000260041920150728080417.0130821s2009 ck gr spa  a9789587115604 aCO-BoUCMbspacSandra Palacio (modificó)dAldemar Mondragón0 aspa1 aDíaz y García Conlledo, Miguel13aLa autoría en derecho penalcMiguel Díaz y García Conlledo aBogotá (Colombia)bLeyerc2009 ax, 723 páginas aIncluye referencias bibliográficas e índices 7aDelitos 7aParticipación (Derecho penal) 7aResponsabilidad penal